Aajacha Va Kaalacha Gomantak (Record no. 347275)

MARC details
000 -LEADER
fixed length control field 004310000a22001810004500
005 - DATE AND TIME OF LATEST TRANSACTION
control field 20120302055026.0
040 ## - CATALOGING SOURCE
Original cataloging agency MAR
245 ## - TITLE STATEMENT
Title Aajacha Va Kaalacha Gomantak
260 ## - PUBLICATION, DISTRIBUTION, ETC. (IMPRINT)
Place of publication, distribution, etc Goa:Goa Hindu Association,1954.
300 ## - PHYSICAL DESCRIPTION
Extent 10,378p.
365 ## - TRADE PRICE
Price amount 6/-
650 ## - SUBJECT ADDED ENTRY--TOPICAL TERM
Topical term or geographic name as entry element Itihaas
650 ## - SUBJECT ADDED ENTRY--TOPICAL TERM
Topical term or geographic name as entry element Gomantak-Itihaas
650 ## - SUBJECT ADDED ENTRY--TOPICAL TERM
Topical term or geographic name as entry element Bhaugolika Maahitee
650 ## - SUBJECT ADDED ENTRY--TOPICAL TERM
Topical term or geographic name as entry element Prawaasvarnan
650 ## - SUBJECT ADDED ENTRY--TOPICAL TERM
Topical term or geographic name as entry element Marathi Shikshan-Gomantak
942 ## - ADDED ENTRY ELEMENTS (KOHA)
Koha item type Book
Holdings
Withdrawn status Lost status Damaged status Not for loan Home library Current library Date acquired Total Checkouts Barcode Date last seen Price effective from
        Institute For Oriental Study, Thane Institute For Oriental Study, Thane 12/02/2009   IOS-6935 12/02/2009 12/02/2009